Адвокатские вести. 2007, № 12 (86): К 60-летию президента Гильдии российских адвокатов Мирзоева Гасана Борисовича (Запись № 1973748)

Подробности
000 -МАРКЕР
контрольное поле 01075nam2a22002651 4500
001 - ИДЕНТИФИКАТОР ЗАПИСИ
контрольное поле RU\NLR\Per\787723
005 - ИДЕНТИФИКАТОР ВЕРСИИ
контрольное поле 20250617191004.0
035 ## - ДРУГИЕ СИСТЕМНЫЕ НОМЕРА
Идентификатор записи (NLR Aleph) 003032683
100 ## - ДАННЫЕ ОБЩЕЙ ОБРАБОТКИ
Данные общей обработки 20110729d2007 |||y0rusy50 ca
101 0# - ЯЗЫК РЕСУРСА
Язык текста, звукозаписи и т.д. русский
102 ## - СТРАНА ПУБЛИКАЦИИ ИЛИ ПРОИЗВОДСТВА
Страна публикации Российская Федерация
105 ## - ПОЛЕ КОДИРОВАННЫХ ДАННЫХ: ТЕКСТОВЫЕ МАТЕРИАЛЫ, МОНОГРАФИЧЕСКИЕ
Кодированные данные о монографическом текстовом документе y |||||||||
200 1# - ЗАГЛАВИЕ И СВЕДЕНИЯ ОБ ОТВЕТСТВЕННОСТИ
Основное заглавие К 60-летию президента Гильдии российских адвокатов Мирзоева Гасана Борисовича
210 ## - ПУБЛИКАЦИЯ, РАСПРОСТРАНЕНИЕ И ДР.
Дата издания, распространения и т.д. 2007
Место издания, распространения и т.д. Б. м.
300 ## - ОБЩИЕ ПРИМЕЧАНИЯ
Текст примечания Спец. вып.
461 #0 - УРОВЕНЬ НАБОРА
Встроенное поле 001RU\NLR\INFOCOMM\1000024929
-- 2001#$aАдвокатские вести$eИнформ.-аналит. журн.$v2007, № 12 (86)
Системный номер (АБИС) связанной записи 4009738
Место публикации М.
Дата публикации 2001 - 2009
Имя издателя, распространителя и т.д. Б. и.
Сведения, относящиеся к заглавию Информ.-аналит. журн.
Заглавие Адвокатские вести
Номер тома 2007, № 12 (86)
600 #1 - ИМЯ ЛИЦА КАК ПРЕДМЕТ
Начальный элемент ввода Мирзоев
Часть имени, кроме начального элемента ввода Г.Б.
Даты 1947
Расширение инициалов личного имени Гасан Борисович
Системный номер авторитетной/нормативной записи 2142797
Идентификатор авторитетной/нормативной записи RU\NLR\AUTH\661291323
801 #1 - ИСТОЧНИК ЗАПИСИ
Страна Российская Федерация
Организация InfoComm
Дата составления 20031223
801 #0 - ИСТОЧНИК ЗАПИСИ
Страна Российская Федерация
Организация NLR
Правила каталогизации PSBO
852 ## - МЕСТОНАХОЖДЕНИЕ И ШИФР ХРАНЕНИЯ
Идентификатор организации NLR
Шифр хранения (Call Number) П23/5222
942 ## - ДОПОЛНИТЕЛЬНЫЕ ЭЛЕМЕНТЫ ЗАПИСИ (АБИС)
Тип экземпляра АБИС Выпуск
980 ## - КОЛЛЕКЦИЯ
Название коллекции Национальная библиография
980 ## - КОЛЛЕКЦИЯ
Название коллекции Русская периодика

Нет доступных экземпляров.